Would I lie to you : (Record no. 328609)

000 -LEADER
fixed length control field 01673cam a22003733a 4500
001 - CONTROL NUMBER
control field 14633435
003 - CONTROL NUMBER IDENTIFIER
control field Nust
005 - DATE AND TIME OF LATEST TRANSACTION
control field 20170412134351.0
008 - FIXED-LENGTH DATA ELEMENTS--GENERAL INFORMATION
fixed length control field 061114s2006 nyu d 000 1 eng
010 ## - LIBRARY OF CONGRESS CONTROL NUMBER
LC control number 2006299540
020 ## - INTERNATIONAL STANDARD BOOK NUMBER
International Standard Book Number 9780747596967
035 ## - SYSTEM CONTROL NUMBER
System control number (OCoLC)ocm71339640
035 ## - SYSTEM CONTROL NUMBER
System control number (OCoLC)71339640
040 ## - CATALOGING SOURCE
Original cataloging agency NOG
Transcribing agency NOG
Modifying agency MR0
-- BAKER
-- DLC
050 00 - LIBRARY OF CONGRESS CALL NUMBER
Classification number MLCS 2006/45539
082 ## - DEWEY DECIMAL CLASSIFICATION NUMBER
Classification number 823
Author Mark ZIE
100 1# - MAIN ENTRY--PERSONAL NAME
Personal name Von Ziegesar, Cecily.
245 10 - TITLE STATEMENT
Title Would I lie to you :
Remainder of title a Gossip Girl novel /
Statement of responsibility, etc. by Cecily von Ziegesar.
250 ## - EDITION STATEMENT
Edition statement 1st ed.
260 ## - PUBLICATION, DISTRIBUTION, ETC.
Place of publication, distribution, etc. New York :
Name of publisher, distributor, etc. Little, Brown,
Date of publication, distribution, etc. 2006.
300 ## - PHYSICAL DESCRIPTION
Extent 190 p. ;
Dimensions 21 cm.
520 ## - SUMMARY, ETC.
Summary, etc. Follows of the lives of Blair, Serena, and their wealthy Manhattan friends during the summer following high school graduation.
650 #0 - SUBJECT ADDED ENTRY--TOPICAL TERM
Topical term or geographic name entry element Interpersonal relations
Form subdivision Juvenile fiction.
650 #0 - SUBJECT ADDED ENTRY--TOPICAL TERM
Topical term or geographic name entry element Wealth
Form subdivision Juvenile fiction.
650 #1 - SUBJECT ADDED ENTRY--TOPICAL TERM
Topical term or geographic name entry element Interpersonal relations
Form subdivision Fiction.
650 #1 - SUBJECT ADDED ENTRY--TOPICAL TERM
Topical term or geographic name entry element Wealth
Form subdivision Fiction.
651 #0 - SUBJECT ADDED ENTRY--GEOGRAPHIC NAME
Geographic name New York (N.Y.)
Form subdivision Juvenile fiction.
651 #0 - SUBJECT ADDED ENTRY--GEOGRAPHIC NAME
Geographic name Hamptons (N.Y.)
Form subdivision Juvenile fiction.
651 #1 - SUBJECT ADDED ENTRY--GEOGRAPHIC NAME
Geographic name New York (N.Y.)
Form subdivision Fiction.
651 #1 - SUBJECT ADDED ENTRY--GEOGRAPHIC NAME
Geographic name Hamptons (N.Y.)
Form subdivision Fiction.
856 42 - ELECTRONIC LOCATION AND ACCESS
Materials specified Contributor biographical information
Uniform Resource Identifier <a href="http://www.loc.gov/catdir/enhancements/fy0742/2006299540-b.html">http://www.loc.gov/catdir/enhancements/fy0742/2006299540-b.html</a>
906 ## - LOCAL DATA ELEMENT F, LDF (RLIN)
a 7
b cbc
c copycat
d 2
e ncip
f 20
g y-gencatlg
942 ## - ADDED ENTRY ELEMENTS (KOHA)
Source of classification or shelving scheme
Koha item type Book
Holdings
Withdrawn status Lost status Source of classification or shelving scheme Damaged status Not for loan Permanent Location Current Location Shelving location Date acquired Total Checkouts Total Renewals Full call number Barcode Checked out Date last seen Date last checked out Copy number Price effective from Koha item type
          Central Library (CL) Central Library (CL) Fiction 04/12/2017 1 2 813.6 ZIE CL1203 05/22/2026 02/07/2022 06/26/2021 1 04/12/2017 Book
© 2023 Central Library, National University of Sciences and Technology. All Rights Reserved.